000 00386cam a22001337a 4500
008 180718b1962 xxu||||| |||| 00| 0 eng d
082 _aB2 T129 Si64
100 _aSinha, Sasadhar
245 _aSocial thinking of Rabindranath Tagore
_cby Sasadhar Sinha
260 _aBombay
_bAsia
_c1962
300 _axiv, 198p
650 _aSocial problems.
650 _aTagore, Rabindranath, 1861-1941
999 _c419960
_d419960